| 000 | 00968nam a22002057a 4500 | ||
|---|---|---|---|
| 008 | 090727t xxu||||| |||| 00| 0 ara d | ||
| 020 | _a1855165988 | ||
| 082 |
_222 _a297.273 _bن ا ب |
||
| 100 | 1 |
_98139 _aالنابلسى ، شاكر |
|
| 245 | 1 | 2 |
_aالمال والهلال: _bالموانع والدوافع الاقتصادية لظهور الاسلام/ _cشاكر النابلسى |
| 250 | _aط 1. | ||
| 260 |
_aبيروت: _bدار الساقى ، _c2002 |
||
| 300 |
_a208 ص؛ _c24 سم |
||
| 500 | _aيشتمل على كشافات | ||
| 504 | _aيشتمل على ارجاعات ببليوجرافية ( ص 185- 191 | ||
| 651 |
_98137 _aلبنان _xالحياة الفكرية |
||
| 651 |
_98138 _aلبنان _xالاحوال الاجتماعية |
||
| 942 |
_2ddc _cBB |
||
| 999 |
_c12422 _d12422 |
||